| 000 | 00838nam a22002417a 4500 | ||
|---|---|---|---|
| 999 |
_c13925 _d13925 |
||
| 003 | AR-CdUCM | ||
| 008 | 190416b ||||| |||| 00| 0 spa d | ||
| 040 |
_aMUNICIPALIDAD PROVINCIAL DEL CUSCO _cBIBLIOTECA MUNICIPAL DEL CUSCO |
||
| 082 |
_aC / 980.51 / _bG23 _22ed. |
||
| 100 |
_aGarcia, J. Uriel _932384 |
||
| 245 |
_aEl nuevo indio : _bensayo indigenista sobre la sierra surperuana / |
||
| 260 |
_aCuzco : _bH. G. Rozas, _c1937. |
||
| 300 |
_a192 páginas ; _c21 cm. |
||
| 505 | _aContenido: El indio antiguo -- El nuevo indio -- El pueblo mestizo. | ||
| 650 |
_aRealidad Nacional. _91454 |
||
| 650 |
_aIndio. _929864 |
||
| 650 |
_aProblema del indio. _92859 |
||
| 650 |
_aTradición. _92713 |
||
| 650 |
_aCostumbres cusqueñas. _929946 |
||
| 650 |
_aLiteratura cusqueña. _9164 |
||
| 942 |
_2ddc _cLIBROS |
||
| 945 |
_aacv _d2019-04-17 |
||